Indian Diaspora: (Record no. 210588)

MARC details
000 -LEADER
fixed length control field 00587nam a22001817a 4500
005 - DATE AND TIME OF LATEST TRANSACTION
control field 20250401115324.0
010 ## - LCCN (DPL NO)
LC control number ENG-144334
020 ## - INTERNATIONAL STANDARD BOOK NUMBER
International Standard Book Number 9788193900109
Terms of availability 160.00
035 ## - SYSTEM CONTROL NUMBER
System control number EN-127866
037 ## - SOURCE OF ACQUISITION
Source of stock number/acquisition DBAD
082 ## - DEWEY DECIMAL CLASSIFICATION NUMBER
Classification number 921
245 ## - TITLE STATEMENT
Title Indian Diaspora:
Remainder of title Theory,Text and Criticism/
Statement of responsibility, etc Edited by Rohidas Dhakane
250 ## - EDITION STATEMENT
Edition statement 1
260 ## - PUBLICATION, DISTRIBUTION, ETC. (IMPRINT)
Place of publication, distribution, etc Pune
Name of publisher, distributor, etc Snehavardhan
Date of publication, distribution, etc 2018
270 ## - ADDRESS
Address 863, Sadashiv Peth, Behind Mahatma Phule Sabhagruh
City Pune
Postal code 411030
Telephone number 020-24472549
-- 020-24436961
Electronic mail address sneha1tawre@gmail.com
300 ## - PHYSICAL DESCRIPTION
Extent 140p.
Dimensions 21cm (pb)
942 ## - ADDED ENTRY ELEMENTS (KOHA)
Source of classification or shelving scheme Dewey Decimal Classification
Item type English Books
Classification part 921
Call number suffix IND
Holdings
Withdrawn status Lost status Not for loan Collection code Home library Current library Date acquired Source of acquisition Cost, normal purchase price Full call number Barcode Copy number Cost, replacement price Koha item type
    Not For Loan Non-fiction D.B.Act.Division D.B.Act.Division 01/04/2025 Delivery of Books Act Division 160.00 921 IND EN-127866 1 160.00 English Books

© Delhi Public Library
Hit Counter
free hit counter